European Landlocked Landmines Quiz Stats

 Plays Quiz Updated Feb 13, 2019

Support Sporcle.
Go Orange.
Score 0/47 Timer 04:00
18 Plays Today
number letter % Correct
46???
83.7%
41???
83%
14???
82.9%
34???
79.9%
20???
79%
42???
77.1%
19???
76.6%
32???
76.1%
13???
74.3%
15???
73.8%
16???
70.4%
11???
70.4%
36???
66.9%
31???
64.8%
18???
64.6%
5???
60.8%
12???
57.6%
44???
57.3%
33???
57%
22???
56.3%
24???
53.1%
1???
52.8%
8???
52.7%
9???
50.2%
number letter % Correct
27???
49.7%
29???
47.6%
7???
37%
45???
36.7%
40???
36.5%
35???
35.6%
6???
32.8%
30???
30.9%
2???
18.9%
21???
18.9%
23???
18.9%
3???
18.9%
4???
18.9%
10???
18.9%
17???
18.9%
25???
18.9%
26???
18.9%
28???
18.9%
37???
18.9%
38???
18.9%
39???
18.9%
43???
18.9%
47???
18.9%

You're not logged in!

Compare scores with friends on all Sporcle quizzes.
OR
Log In

From the Vault

Marvel Picture Find: The Movies

by MitchellGoosen

Very nice of the Invisible Woman to make an appearance for this group photo.
Remove Ads.
Support Sporcle.
Get the best of Sporcle when you Go Orange. This ad-free experience offers more features, more stats, and more fun while also helping to support Sporcle. Thank you for becoming a member.

Show Comments

Extras

Top Quizzes Today


Score Distribution

Your Account Isn't Verified!

In order to create a playlist on Sporcle, you need to verify the email address you used during registration. Go to your Sporcle Settings to finish the process.

Report this User

Report this user for behavior that violates our Community Guidelines.

Details: